NHL Top Pointers 2024-2025 - Statistics

General Stats
  • This quiz has been taken 263 times
  • The average score is 17 of 20
Answer Stats
Team Answer Points % Correct
EDM Connor McDavid 100
99%
COL Nathan MacKinnon 116
99%
EDM Leon Draisaitl 106
98%
TBL Nikita Kucherov 121
98%
PIT Sidney Crosby 91
98%
BOS David Pastrnak 106
94%
COL Cale Makar 92
93%
VGK Jack Eichel 94
93%
TOR Mitch Marner 102
93%
TBL Brayden Point 82
90%
NYR Artemi Panarin 89
88%
WPG Kyle Connor 97
87%
TOR William Nylander 84
87%
DAL Mikko Rantanen 88
86%
UTA Clayton Keller 90
84%
MTL Nick Suzuki 89
84%
WPG Mark Scheifele 87
72%
NJD Jasper Bratt 88
67%
TBL Brandon Hagel 90
65%
COL Martin Necas 83
60%
No matching quizzes found
Score Distribution
Percent of People with Each Score
Percentile by Number Answered
Your Score History
You have not taken this quiz